| 000 | 00537nam a22001937a 4500 | ||
|---|---|---|---|
| 003 | KOHA_MİRAKIL | ||
| 005 | 20250929094201.0 | ||
| 008 | 250929b tu ||||| |||| 00| 0 tur d | ||
| 020 | _a9789754346497 | ||
| 040 |
_aTR-AnABB _btur _cTR-AnABB |
||
| 041 | _atur | ||
| 082 |
_a843.8 _bMER 2019 |
||
| 100 | 1 |
_aMerimee, Prosper, _d1803-1870 |
|
| 245 | 1 | 0 |
_aCarmen / _cProsper Merimee |
| 260 |
_aİstanbul : _bVarlık Yayınları, _c2019 |
||
| 300 |
_a79 sayfa ; _c20 cm |
||
| 650 | 0 | 4 | _aFransız edebiyatı, roman |
| 942 |
_2ddc _cBK |
||
| 999 |
_c8950 _d8950 |
||
| 900 | _bGizem YORULMAZ | ||